000 00507nam a22002057a 4500
005 20260513130346.0
008 260513b |||||||| |||| 00| 0 eng d
020 _a9781138070066
_c5095.49
040 _aMAIN
041 _aEnglish
082 _a624.151
_bKNA
100 _aKnappett, Jonathan
_926812
245 _aCraig's Soil Mechanics
250 _a9th
260 _aLondon
_bCRC Press
_c2020
300 _a639
650 _aGeology (PM USHA)
_926712
700 _aCraig, R. F.
_926813
942 _cBK
999 _c60784
_d60784